000 00556nam a2200193 a 4500
001 1770888360000
003 YourLibrary
005 20260212145936.0
008 260212s1998##################000#0#eng##
020 _a9780195110685
082 0 4 _a330.9405
_bNEA
100 1 _aNeal, Larry,
_eauthor.
245 1 0 _aThe Economics of the European Union and the Economies of Europe :
260 _bOxford University Press, USA,
_c1998.
300 _a396 pages
650 0 _aBusiness & Economics.
942 _cENGLISH
040 _aYourLibrary
_beng
_cYourLibrary
999 _c612005
_d612005